Finite mathematics with calculus / (Record no. 180266)
[ view plain ]
| 000 -LEADER | |
|---|---|
| fixed length control field | 01294 a2200229 4500 |
| 003 - CONTROL NUMBER IDENTIFIER | |
| control field | Nust |
| 005 - DATE AND TIME OF LATEST TRANSACTION | |
| control field | 20221102130534.0 |
| 010 ## - LIBRARY OF CONGRESS CONTROL NUMBER | |
| LC control number | 90084975 |
| 020 ## - INTERNATIONAL STANDARD BOOK NUMBER | |
| International Standard Book Number | 0669168041 |
| 040 ## - CATALOGING SOURCE | |
| Transcribing agency | Nust |
| 082 00 - DEWEY DECIMAL CLASSIFICATION NUMBER | |
| Classification number | 510,LAR |
| 100 1# - MAIN ENTRY--PERSONAL NAME | |
| Personal name | Larson, Ron, |
| 9 (RLIN) | 39190 |
| 245 10 - TITLE STATEMENT | |
| Title | Finite mathematics with calculus / |
| Statement of responsibility, etc. | Roland E. Larson, Bruce H. Edwards ; with the assistance of David E. Heyd. |
| 260 ## - PUBLICATION, DISTRIBUTION, ETC. | |
| Place of publication, distribution, etc. | Lexington, Mass. : |
| Name of publisher, distributor, etc. | D.C. Heath., |
| Date of publication, distribution, etc. | c1991. |
| 300 ## - PHYSICAL DESCRIPTION | |
| Extent | xii, 926, 107 p. : |
| Other physical details | ill. (some col.) ; |
| Dimensions | 24 cm. |
| 505 ## - FORMATTED CONTENTS NOTE | |
| Formatted contents note | Preliminaries (Page-1), Linear Equations and Matrices (Page-63), Linear Programming (Page-145), Sets and Counting (Page-209), Probability (Page-255), Statistics and Probability Distributed (Page-303), Markov Chains (Page-373), Mathematics of Finance (Page-417), Functions Limits and Derivatives (Page-459), Differentiation Rules (Page-515), Application of the Derivative (Page-587), Integration and its Applications (Page-659), Exponential and Logarithmic Functions (Page-719), Additional Integration Topics (Page-773), Functions of Several Variables (Page-831), Applications of Functions of Several Variables (Page-873). |
| 650 #0 - SUBJECT ADDED ENTRY--TOPICAL TERM | |
| Topical term or geographic name entry element | Calculus. |
| 650 #0 - SUBJECT ADDED ENTRY--TOPICAL TERM | |
| Topical term or geographic name entry element | Mathematics. |
| 700 1# - ADDED ENTRY--PERSONAL NAME | |
| Personal name | Edwards, Bruce H. |
| 9 (RLIN) | 39191 |
| 700 1# - ADDED ENTRY--PERSONAL NAME | |
| Personal name | Heyd, David E. |
| 9 (RLIN) | 102255 |
| 942 ## - ADDED ENTRY ELEMENTS (KOHA) | |
| Source of classification or shelving scheme | |
| Koha item type | Book |
| Call number prefix | 510,LAR |
| Withdrawn status | Lost status | Source of classification or shelving scheme | Damaged status | Not for loan | Permanent Location | Current Location | Shelving location | Date acquired | Full call number | Barcode | Date last seen | Price effective from | Koha item type | Public note |
|---|---|---|---|---|---|---|---|---|---|---|---|---|---|---|
| Military College of Signals (MCS) | Military College of Signals (MCS) | General Stacks | 12/12/2016 | 510,LAR | MCS7596 | 12/08/2016 | 12/12/2016 | Book Bank | Almirah No. A/135, Shelf No.6 |
